[Event "AUT-ch U16"]
[Site "St Veit"]
[Date "2023.04.02"]
[Round "2"]
[White "Gschwandtl, Alexander"]
[Black "Winkelbauer, Christian"]
[Result "1-0"]
[WhiteElo "1477"]
[BlackElo "1655"]
[PlyCount "63"]
[EventDate "2023.04.02"]
[EventType "swiss"]
[EventRounds "7"]
[EventCountry "AUT"]
[SourceTitle "EXT 2024"]
[Source "ChessBase"]
[SourceDate "2023.10.10"]
[SourceVersion "1"]
[SourceVersionDate "2023.10.10"]
[SourceQuality "1"]

1. e4 g6 2. d4 Bg7 3. c4 d6 4. Nc3 e5 5. Be3 Nc6 6. d5 Nce7 7. Qd2 h6 8. Bd3 f5 9. f3 f4 10. Bf2 Nf6 11. Nge2 g5 12. h3 h5 13. Rb1 Ng6 14. b4 g4 15. hxg4 hxg4 16. Rxh8+ Bxh8 17. c5 g3 18. Bg1 Nh7 19. cxd6 cxd6 20. Qc2 Bd7 21. Nb5 Bxb5 22. Bxb5+ Kf8 23. Rc1 Nh4 24. Qc7 Ng5 25. Qxd8+ Rxd8 26. Kf1 Nf7 27. Rc7 a6 28. Bd7 a5 29. bxa5 Ra8 30. Rc8+ Rxc8 31. Bxc8 Nd8 32. Bxb7 1-0

[Event "AUT-ch U14"]
[Site "St Veit"]
[Date "2021.10.28"]
[Round "6.10"]
[White "Gschwandtl, Alexander"]
[Black "Winkelbauer, Christian"]
[Result "0-1"]
[WhiteElo "1079"]
[BlackElo "1195"]
[PlyCount "116"]
[EventDate "2021.10.25"]
[EventType "swiss"]
[EventRounds "7"]
[EventCountry "AUT"]
[SourceTitle "EXT 2023"]
[Source "ChessBase"]
[SourceDate "2022.10.05"]
[SourceVersion "1"]
[SourceVersionDate "2022.10.05"]
[SourceQuality "1"]

1. d4 f5 2. Nf3 Nf6 3. g3 g6 4. Bg2 Bg7 5. c4 0-0 6. 0-0 d6 7. Nc3 Qe8 8. Ng5 c6 9. e4 h6 10. Nh3 fxe4 11. Nf4 g5 12. Nfe2 d5 13. cxd5 cxd5 14. Qb3 e6 15. Nb5 Qd7 16. Bd2 b6 17. f4 g4 18. a4 Ba6 19. Rfc1 Nc6 20. Rc2 Rfc8 21. Rac1 Ne8 22. h3 h5 23. Kh2 Nd6 24. Be3 Na5 25. Rxc8+ Rxc8 26. Rxc8+ Qxc8 27. Nxd6 Nxb3 28. Nxc8 Bxc8 29. hxg4 hxg4 30. Kg1 Ba6 31. Bf1 Kf7 32. Kf2 Kg6 33. Ke1 Kf5 34. Kd1 Bxe2+ 35. Bxe2 Nxd4 36. b4 Nxe2 37. Kxe2 Bc3 38. Bd2 Bxd2 39. Kxd2 e5 40. fxe5 Kxe5 41. Ke3 d4+ 42. Ke2 Kd5 43. a5 b5 44. a6 Kc4 45. Kd2 Kxb4 46. Kc2 e3 47. Kd3 Kc5 48. Ke2 Kd5 49. Kd3 b4 50. Kc2 e2 51. Kd2 d3 52. Ke3 e1Q+ 53. Kf4 Qxg3+ 54. Kxg3 d2 55. Kg2 d1Q 56. Kh2 g3+ 57. Kg2 Qe2+ 58. Kh3 g2 0-1

[Event "AUT-ch U14"]
[Site "St Veit"]
[Date "2021.10.25"]
[Round "1.12"]
[White "Geroe, Leonhard"]
[Black "Gschwandtl, Alexander"]
[Result "1-0"]
[WhiteElo "1926"]
[BlackElo "1079"]
[PlyCount "59"]
[EventDate "2021.10.25"]
[EventType "swiss"]
[EventRounds "7"]
[EventCountry "AUT"]
[SourceTitle "EXT 2023"]
[Source "ChessBase"]
[SourceDate "2022.10.05"]
[SourceVersion "1"]
[SourceVersionDate "2022.10.05"]
[SourceQuality "1"]

1. e4 e5 2. Nf3 Nc6 3. Bc4 Bc5 4. c3 Nf6 5. d4 exd4 6. cxd4 Bb4+ 7. Nc3 Nxe4 8. 0-0 Nxc3 9. bxc3 Bxc3 10. Bxf7+ Kxf7 11. Qb3+ d5 12. Qxc3 Rf8 13. Ba3 Re8 14. Rab1 Ne7 15. Rfe1 h6 16. Re3 Nf5 17. Rxe8 Qxe8 18. Qxc7+ Kg8 19. Re1 Qd7 20. Qc5 b6 21. Qf8+ Kh7 22. Re8 Qa4 23. Qg8+ Kg6 24. Ne5+ Kg5 25. Bc1+ Kh4 26. Nf3+ Kh5 27. h3 Qd7 28. g4+ Kg6 29. Ne5+ Kf6 30. Qf8+ 1-0